[Event "Baden-Elsass m"]
[Site "Endingen"]
[Date "2012.09.16"]
[Round "1.27"]
[White "Gayol, Jean Pierre"]
[Black "Ast, Bernhard"]
[Result "1-0"]
[WhiteElo "1928"]
[BlackElo "1970"]
[PlyCount "65"]
[EventDate "2012.09.16"]
[EventType "team-match"]
[EventRounds "1"]
[EventCountry "GER"]
[SourceTitle "EXT 2013"]
[Source "ChessBase"]
[SourceDate "2012.11.22"]
[SourceVersion "1"]
[SourceVersionDate "2012.11.22"]
[SourceQuality "1"]
[WhiteTeam "Elsass"]
[BlackTeam "Baden"]
[WhiteTeamCountry "FRA"]
[BlackTeamCountry "GER"]

1. e4 e6 2. d3 b6 3. Nf3 Bb7 4. g3 Ne7 5. Bg2 f5 6. Nbd2 g6 7. 0-0 Bg7 8. Ng5 0-0 9. f4 Na6 10. Qe2 Qe8 11. c3 Rc8 12. Re1 Nc5 13. e5 Ba6 14. Nc4 h6 15. Nf3 Kh7 16. Be3 Rd8 17. Bxc5 bxc5 18. Qe3 d5 19. exd6 cxd6 20. Qxe6 Nc8 21. Nfd2 Qxe6 22. Rxe6 d5 23. Rxa6 dxc4 24. Nxc4 Rxd3 25. Rc6 Rfd8 26. Rxc5 h5 27. Bf1 R3d7 28. Re1 h4 29. Ne5 Rd2 30. Nf7 Rf8 31. Ng5+ Kh6 32. Re2 hxg3 33. Rxd2 1-0

[Event "Baden-Elsass m"]
[Site "Neumuehl"]
[Date "2010.09.26"]
[Round "?.24"]
[White "Ast, Bernhard"]
[Black "Gayol, Jean Pierre"]
[Result "1/2-1/2"]
[WhiteElo "2007"]
[BlackElo "1929"]
[PlyCount "115"]
[EventDate "2010.09.26"]
[EventType "team-match"]
[EventRounds "1"]
[EventCountry "GER"]
[SourceTitle "EXT 2011"]
[Source "ChessBase"]
[SourceDate "2010.11.26"]
[SourceVersion "1"]
[SourceVersionDate "2010.11.26"]
[SourceQuality "1"]
[WhiteTeam "Baden"]
[BlackTeam "Elsass"]
[WhiteTeamCountry "GER"]
[BlackTeamCountry "FRA"]

1. f4 d5 2. Nf3 Nf6 3. e3 Bg4 4. h3 Bxf3 5. Qxf3 c6 6. b3 Nbd7 7. g4 e5 8. Bb2 Qc7 9. g5 Ne4 10. d3 Nec5 11. fxe5 Nxe5 12. Qg2 Ne6 13. Nd2 Be7 14. h4 h6 15. d4 Nd7 16. g6 f6 17. 0-0-0 0-0-0 18. Bd3 Rhe8 19. c4 Kb8 20. Kb1 Nb6 21. Rc1 dxc4 22. Nxc4 Bf8 23. Rhf1 Nd5 24. Rf3 Ka8 25. Bf5 Nb6 26. Qg4 Nxc4 27. bxc4 Qd6 28. c5 Qe7 29. Rc4 Nc7 30. e4 Na6 31. Re3 Qc7 32. Qe2 Qf4 33. h5 Re7 34. Bc1 Rde8 35. Ra4 Qg5 36. Bd2 Qg1+ 37. Kc2 Rd8 38. Bc3 Nc7 39. Rb4 Nb5 40. Bb2 Ree8 41. Rc4 Nc7 42. Bc1 Nb5 43. Bb2 Nc7 44. a4 Ne6 45. Qd2 Nxc5 46. Re2 Qf1 47. Qe3 Nd7 48. Bh3 Qh1 49. Kb3 f5 50. Bxf5 Qxh5 51. Qf2 Be7 52. d5 cxd5 53. exd5 Nf6 54. Rec2 Nxd5 55. Be6 Nb6 56. Bf7 Nxc4 57. Rxc4 Qh3+ 58. Ka2 1/2-1/2